Loading...
| Fine Arts - Classical Music | 7 | 24.29 | 100% | 86% | 57% |
| Fine Arts - Other Fine Arts | 8 | 18.75 | 100% | 63% | 25% |
| Fine Arts - Painting & Sculpture | 4 | 22.50 | 100% | 100% | 25% |
| History - American History | 2 | 15.00 | 100% | 50% | 0% |
| History - European History | 3 | 16.67 | 100% | 67% | 0% |
| History - Other History | 6 | 11.67 | 83% | 33% | 0% |
| History - World History | 2 | 10.00 | 100% | 0% | 0% |
| Literature - American Literature | 4 | 10.00 | 100% | 0% | 0% |
| Literature - British Literature | 4 | 15.00 | 100% | 50% | 0% |
| Literature - European Literature | 5 | 12.00 | 80% | 20% | 20% |
| Literature - World Literature | 5 | 18.00 | 100% | 60% | 20% |
| Mythology | 4 | 17.50 | 100% | 75% | 0% |
| Other | 7 | 18.57 | 100% | 57% | 29% |
| Philosophy | 3 | 13.33 | 100% | 33% | 0% |
| Religion | 6 | 11.67 | 67% | 33% | 17% |
| Science - Biology | 2 | 15.00 | 100% | 50% | 0% |
| Science - Chemistry | 4 | 17.50 | 100% | 50% | 25% |
| Science - Other Science | 3 | 16.67 | 100% | 67% | 0% |
| Science - Physics | 5 | 18.00 | 100% | 40% | 40% |
| Social Science | 7 | 14.29 | 100% | 43% | 0% |